Echelle de mots - de Blanc à Noir - Statistiques

Statistiques générales
  • Ce quiz a été pris 547 fois
    497 depuis la dernière actualisation
  • Le résultat moyen est 19 sur 43
Statistiques - réponses
Définition Réponse % Correct
Mélange des couleurs primaires en synthèse additive Blanc
100%
Dessert crémeux à la texture amusante ( - une lettre ) Flan
87%
Côté du corps Flanc
85%
Mélange des couleurs primaires en synthèse soustractive Noir
68%
Plus long fleuve de France Loire
59%
Le téméraire en a rarement Plan
58%
Dormir comme lui est une chance ( - une lettre ) Loir
57%
Centré dans le repas Plat
57%
Détester Haïr
56%
Les plus connus du Connemara Lac
55%
Ajoute de la difficulté aux 110 mètres Haie
53%
Rien à signaler ( - une lettre ) RAS
52%
Coupé à ras ( + une lettre ) Rasé
52%
Se détourne de pile Face
51%
Mardi préféré du cholestérol Gras
51%
Lieu déserté par l'étudiant ( - une lettre ) Fac
50%
Joyeuse Gaie
50%
Dans l'ombre de il et elle ( - une lettre ) On
50%
Créer, produire, fabriquer ( + une lettre ) Faire
49%
Celle du Trône est la plus connue Foire
48%
Juste, équitable ( anglais ) Fair
47%
Qu'il soit d'organe ou d'argent, il est rarement refusé Don
45%
Avec Cos et Sin ils forment les trois mousquetaires Tan
45%
Fatigué Las
44%
Noue ses lacets ( - une lettre ) Lace
43%
La signalisation des travaux ne s'en passe jamais Plot
40%
La mort le fait sonner ( + une lettre ) Glas
38%
Organe de la taille d'un poing Rate
38%
Si celui-ci est inapproprié, le daron te met une volée Ton
37%
Mauvaise mise au point Flou
36%
Long bois terminé de fer, pour la chasse comme pour la guerre Lance
34%
Personne préférée de SCH Gaté
32%
Peu d'HP (anglais) ( - une lettre ) Low
29%
Swag en moins ringard Flow
28%
En Direction ou en Pièce, c'est un incontournable de la culture ( + une lettre ) One
27%
Corps gras qui a contracté une odeur désagréable et une saveur âcre Rance
23%
Très agressive sans la mûre ( + une lettre ) Ronce
22%
Trafalgar Law
21%
Nécessaire pour le chocolat Bras
20%
Grimkujow en est adepte Flop
20%
Petite quantité de la livre ( + une lettre ) Once
20%
Bruit de la goutte (et bonjour des nounours métalleux) Plop
20%
L'odeur des joueurs y est plus que perceptible LAN
18%
Aucun quiz correspondant
Distribution des résultats
% des personnes avec chaque résultat
Percentile par nombre de réponses
Votre historique - résultats
Vous n’avez pas pris ce quiz depuis la dernière actualisation